[Event "World Chess Olympiad 2018"]
[Site "Batumi"]
[Date "2018.10.01"]
[Round "7"]
[Board "1"]
[WhiteFideId "1700146"]
[White "Wiedenkeller Michael"]
[BlackFideId "14200244"]
[Black "Kasimdzhanov Rustam"]
[Result "0-1"]
[LiveChessVersion "1.4.8"]
[BlackElo "2662"]
[WhiteElo "2464"]

1. d4 {[%clk 1:30:52]} Nf6 {[%clk 1:30:56]} 2. c4 {[%clk 1:31:08]} e6
{[%clk 1:31:23]} 3. Nc3 {[%clk 1:31:27]} Bb4 {[%clk 1:31:47]} 4. e3
{[%clk 1:31:39]} O-O {[%clk 1:32:10]} 5. Nge2 {[%clk 1:31:44]} Re8
{[%clk 1:32:33]} 6. a3 {[%clk 1:31:54]} Bf8 {[%clk 1:32:56]} 7. d5
{[%clk 1:31:05]} a5 {[%clk 1:32:41]} 8. Ng3 {[%clk 1:30:34]} Na6 {[%clk 1:30:25]}
9. Be2 {[%clk 1:29:25]} exd5 {[%clk 1:28:55]} 10. cxd5 {[%clk 1:29:31]} Nc5
{[%clk 1:28:59]} 11. b3 {[%clk 1:26:59]} c6 {[%clk 1:28:10]} 12. O-O
{[%clk 1:16:53]} b5 {[%clk 1:28:02]} 13. Bf3 {[%clk 1:09:45]} Ra6
{[%clk 1:13:11]} 14. Bb2 {[%clk 1:03:02]} b4 {[%clk 1:04:50]} 15. axb4
{[%clk 1:00:39]} axb4 {[%clk 1:01:04]} 16. Nce2 {[%clk 0:59:45]} Rxa1
{[%clk 0:50:29]} 17. Bxa1 {[%clk 1:00:07]} Nxd5 {[%clk 0:50:49]} 18. Bxd5
{[%clk 0:56:39]} cxd5 {[%clk 0:51:09]} 19. Nf4 {[%clk 0:56:03]} d4
{[%clk 0:46:01]} 20. Bxd4 {[%clk 0:47:09]} Ne6 {[%clk 0:43:09]} 21. Nd5
{[%clk 0:44:35]} Bb7 {[%clk 0:40:23]} 22. Ba1 {[%clk 0:40:03]} Qg5
{[%clk 0:26:27]} 23. Nb6 {[%clk 0:24:06]} d5 {[%clk 0:22:40]} 24. Nd7
{[%clk 0:20:38]} Bd6 {[%clk 0:16:30]} 25. f4 {[%clk 0:20:07]} Qd8
{[%clk 0:14:45]} 26. Qg4 {[%clk 0:10:37]} d4 {[%clk 0:12:12]} 27. Nh5
{[%clk 0:10:07]} f5 {[%clk 0:07:32]} 28. Nhf6+ {[%clk 0:09:05]} Kh8
{[%clk 0:07:57]} 29. Qxf5 {[%clk 0:09:04]} gxf6 {[%clk 0:08:02]} 30. Nxf6
{[%clk 0:09:26]} Re7 {[%clk 0:08:24]} 31. Nxh7 {[%clk 0:06:14]} Rg7
{[%clk 0:04:33]} 32. Ng5 {[%clk 0:05:43]} Nxg5 {[%clk 0:04:46]} 33. Bxd4
{[%clk 0:05:16]} Nh7 {[%clk 0:03:53]} 34. Rd1 {[%clk 0:03:39]} Qe7
{[%clk 0:02:50]} 35. Qg6 {[%clk 0:03:07]} Qxe3+ {[%clk 0:02:21]} 36. Kh1
{[%clk 0:00:45]} Qxd4 {[%clk 0:02:37]} 37. Qe8+ {[%clk 0:01:11]} Bf8
{[%clk 0:02:58]} 0-1

[Event "World Chess Olympiad 2018"]
[Site "Batumi"]
[Date "2018.10.01"]
[Round "7"]
[Board "2"]
[WhiteFideId "14203987"]
[White "Yakubboev Nodirbek"]
[BlackFideId "4001206"]
[Black "Linster Philippe"]
[Result "1-0"]
[LiveChessVersion "1.4.8"]
[BlackElo "2273"]
[WhiteElo "2521"]

1. d4 {[%clk 1:26:59]} Nf6 {[%clk 1:30:51]} 2. c4 {[%clk 1:22:58]} e6
{[%clk 1:31:14]} 3. Nc3 {[%clk 1:23:25]} Bb4 {[%clk 1:31:38]} 4. Qc2
{[%clk 1:23:46]} O-O {[%clk 1:31:50]} 5. Bg5 {[%clk 1:15:58]} c5 {[%clk 1:31:26]}
6. dxc5 {[%clk 1:10:31]} Na6 {[%clk 1:31:31]} 7. e3 {[%clk 1:05:19]} Nxc5
{[%clk 1:29:40]} 8. Nge2 {[%clk 1:04:15]} d5 {[%clk 1:15:11]} 9. O-O-O
{[%clk 0:59:20]} h6 {[%clk 1:06:10]} 10. Bh4 {[%clk 0:59:04]} g5 {[%clk 1:02:11]}
11. Bg3 {[%clk 0:58:36]} Nce4 {[%clk 0:56:06]} 12. Nxe4 {[%clk 0:41:20]} Nxe4
{[%clk 0:56:28]} 13. f3 {[%clk 0:40:54]} Nxg3 {[%clk 0:51:57]} 14. hxg3
{[%clk 0:40:07]} Qf6 {[%clk 0:49:44]} 15. Nc3 {[%clk 0:33:11]} Bxc3
{[%clk 0:40:51]} 16. Qxc3 {[%clk 0:33:03]} Qxc3+ {[%clk 0:36:36]} 17. bxc3
{[%clk 0:33:32]} Kg7 {[%clk 0:31:07]} 18. cxd5 {[%clk 0:28:00]} exd5
{[%clk 0:31:36]} 19. Rxd5 {[%clk 0:28:22]} Be6 {[%clk 0:32:00]} 20. Ra5
{[%clk 0:19:48]} b6 {[%clk 0:18:38]} 21. Ra4 {[%clk 0:19:49]} Rac8
{[%clk 0:16:47]} 22. Kb2 {[%clk 0:19:51]} Rc7 {[%clk 0:12:47]} 23. Rd4
{[%clk 0:16:44]} b5 {[%clk 0:10:31]} 24. Bd3 {[%clk 0:15:58]} Rfc8
{[%clk 0:10:42]} 25. Rc1 {[%clk 0:16:21]} Rc5 {[%clk 0:10:55]} 26. e4
{[%clk 0:15:22]} a5 {[%clk 0:08:46]} 27. a3 {[%clk 0:14:32]} Kf6 {[%clk 0:05:59]}
28. f4 {[%clk 0:13:56]} R8c6 {[%clk 0:05:04]} 29. Rc2 {[%clk 0:05:16]} Ke7
{[%clk 0:05:02]} 30. e5 {[%clk 0:05:22]} Bd5 {[%clk 0:03:58]} 31. Rd2
{[%clk 0:03:42]} Rc7 {[%clk 0:02:29]} 32. f5 {[%clk 0:02:55]} a4 {[%clk 0:02:18]}
33. g4 {[%clk 0:02:37]} Bb3 {[%clk 0:02:11]} 34. Re2 {[%clk 0:02:32]} Bd5
{[%clk 0:01:39]} 35. f6+ {[%clk 0:01:57]} Ke8 {[%clk 0:01:59]} 36. Bf5
{[%clk 0:01:31]} Be6 {[%clk 0:01:24]} 37. Red2 {[%clk 0:01:25]} Rc8
{[%clk 0:01:53]} 38. Bxe6 {[%clk 0:01:30]} fxe6 {[%clk 0:02:22]} 39. Rd7
{[%clk 0:01:35]} Rxe5 {[%clk 0:02:10]} 40. Rh7 {[%clk 0:31:50]} Rec5
{[%clk 0:31:01]} 41. Rdd7 {[%clk 0:31:46]} 1-0

[Event "World Chess Olympiad 2018"]
[Site "Batumi"]
[Date "2018.10.01"]
[Round "7"]
[Board "3"]
[WhiteFideId "4000803"]
[White "Jeitz Christian"]
[BlackFideId "14200287"]
[Black "Khoroshev Nikita"]
[Result "1/2-1/2"]
[LiveChessVersion "1.4.8"]
[BlackElo "2416"]
[WhiteElo "2220"]

1. e4 {[%clk 1:30:57]} e5 {[%clk 1:30:54]} 2. Nf3 {[%clk 1:31:20]} Nc6
{[%clk 1:31:15]} 3. Bb5 {[%clk 1:31:44]} Nf6 {[%clk 1:31:38]} 4. O-O
{[%clk 1:31:53]} Nxe4 {[%clk 1:32:05]} 5. Re1 {[%clk 1:31:37]} Nd6
{[%clk 1:32:29]} 6. Nxe5 {[%clk 1:31:20]} Be7 {[%clk 1:32:51]} 7. Bf1
{[%clk 1:30:42]} Nxe5 {[%clk 1:33:15]} 8. Rxe5 {[%clk 1:31:07]} O-O
{[%clk 1:33:38]} 9. d4 {[%clk 1:30:43]} Bf6 {[%clk 1:34:05]} 10. Re1
{[%clk 1:31:02]} Re8 {[%clk 1:34:33]} 11. Rxe8+ {[%clk 1:27:34]} Nxe8
{[%clk 1:32:16]} 12. c3 {[%clk 1:23:08]} d5 {[%clk 1:32:39]} 13. Bd3
{[%clk 1:17:41]} c6 {[%clk 1:32:35]} 14. Bf4 {[%clk 1:15:25]} g6 {[%clk 1:32:01]}
15. Nd2 {[%clk 1:14:15]} Ng7 {[%clk 1:32:24]} 16. Nf3 {[%clk 1:06:54]} Bg4
{[%clk 1:22:23]} 17. h3 {[%clk 1:04:59]} Bxf3 {[%clk 1:16:55]} 18. Qxf3
{[%clk 1:05:23]} Ne6 {[%clk 1:16:39]} 19. Be3 {[%clk 1:00:01]} Bg7
{[%clk 1:10:38]} 20. Rd1 {[%clk 0:48:05]} Qb6 {[%clk 1:04:20]} 21. b4
{[%clk 0:37:37]} Rd8 {[%clk 0:56:19]} 22. a4 {[%clk 0:35:31]} Qc7
{[%clk 0:47:44]} 23. a5 {[%clk 0:30:33]} a6 {[%clk 0:46:25]} 24. Bd2
{[%clk 0:27:04]} Re8 {[%clk 0:44:24]} 25. Re1 {[%clk 0:26:21]} Qd8
{[%clk 0:43:11]} 26. g3 {[%clk 0:23:23]} Nc7 {[%clk 0:35:36]} 27. Rxe8+
{[%clk 0:21:55]} Qxe8 {[%clk 0:35:57]} 28. Qe2 {[%clk 0:21:24]} Qd7
{[%clk 0:36:07]} 29. Kg2 {[%clk 0:21:23]} Nb5 {[%clk 0:35:36]} 30. Bxb5
{[%clk 0:15:56]} cxb5 {[%clk 0:29:02]} 31. Bf4 {[%clk 0:12:31]} Qe6
{[%clk 0:27:35]} 32. Qxe6 {[%clk 0:06:34]} fxe6 {[%clk 0:28:03]} 33. Kf3
{[%clk 0:06:50]} Kf7 {[%clk 0:28:23]} 34. Ke2 {[%clk 0:05:47]} Bf6
{[%clk 0:28:31]} 35. Bc7 {[%clk 0:04:37]} Ke8 {[%clk 0:28:48]} 36. Kd3
{[%clk 0:03:15]} Kd7 {[%clk 0:29:13]} 37. Bb6 {[%clk 0:03:07]} Bg5
{[%clk 0:26:35]} 38. g4 {[%clk 0:03:04]} Bf4 {[%clk 0:26:41]} 39. f3
{[%clk 0:03:07]} Bd6 {[%clk 0:23:38]} 40. Ke3 {[%clk 0:33:11]} Ke8
{[%clk 0:53:59]} 41. f4 {[%clk 0:30:37]} Kd7 {[%clk 0:52:30]} 42. Kf3
{[%clk 0:30:00]} Ke8 {[%clk 0:48:03]} 43. Ke3 {[%clk 0:30:09]} Kd7 1/2-1/2

[Event "World Chess Olympiad 2018"]
[Site "Batumi"]
[Date "2018.10.01"]
[Round "7"]
[Board "4"]
[WhiteFideId "14200104"]
[White "Iuldachev Saidali"]
[BlackFideId "4000714"]
[Black "Gengler Pierre"]
[Result "1-0"]
[LiveChessVersion "1.4.8"]
[BlackElo "2205"]
[WhiteElo "2445"]

1. e4 {[%clk 1:30:56]} c5 {[%clk 1:30:54]} 2. Nc3 {[%clk 1:31:20]} Nc6
{[%clk 1:31:18]} 3. Bb5 {[%clk 1:31:34]} g6 {[%clk 1:31:34]} 4. Bxc6
{[%clk 1:31:48]} bxc6 {[%clk 1:31:59]} 5. d3 {[%clk 1:30:21]} Bg7
{[%clk 1:32:24]} 6. f4 {[%clk 1:30:33]} d6 {[%clk 1:32:38]} 7. Nf3
{[%clk 1:30:49]} Nf6 {[%clk 1:32:57]} 8. O-O {[%clk 1:30:00]} O-O
{[%clk 1:33:17]} 9. Qe1 {[%clk 1:29:32]} Rb8 {[%clk 1:33:32]} 10. b3
{[%clk 1:20:11]} Ne8 {[%clk 1:33:30]} 11. Bb2 {[%clk 1:17:23]} Nc7
{[%clk 1:19:05]} 12. Nd1 {[%clk 1:16:44]} Bg4 {[%clk 1:05:33]} 13. Bxg7
{[%clk 1:12:40]} Kxg7 {[%clk 1:05:54]} 14. Ne3 {[%clk 1:12:19]} Bxf3
{[%clk 1:04:49]} 15. Rxf3 {[%clk 1:12:33]} d5 {[%clk 0:56:11]} 16. Rd1
{[%clk 1:00:44]} d4 {[%clk 0:36:18]} 17. Ng4 {[%clk 0:50:50]} e6 {[%clk 0:33:30]}
18. Ne5 {[%clk 0:48:32]} Qd6 {[%clk 0:32:37]} 19. Qh4 {[%clk 0:48:01]} h5
{[%clk 0:25:27]} 20. Rg3 {[%clk 0:43:36]} Rh8 {[%clk 0:23:54]} 21. Qg5
{[%clk 0:41:08]} Rbg8 {[%clk 0:21:45]} 22. Nc4 {[%clk 0:34:37]} Qd8
{[%clk 0:20:53]} 23. Qxc5 {[%clk 0:34:49]} h4 {[%clk 0:20:35]} 24. Rg5
{[%clk 0:32:23]} f6 {[%clk 0:19:31]} 25. Rg4 {[%clk 0:32:43]} Qd7
{[%clk 0:17:17]} 26. h3 {[%clk 0:30:15]} Rb8 {[%clk 0:17:13]} 27. Qxa7
{[%clk 0:25:23]} Ra8 {[%clk 0:17:01]} 28. Qc5 {[%clk 0:25:39]} Rxa2
{[%clk 0:16:43]} 29. Ne5 {[%clk 0:25:36]} Na6 {[%clk 0:12:50]} 30. Nxd7
{[%clk 0:24:59]} Nxc5 {[%clk 0:13:13]} 31. Nxc5 {[%clk 0:25:22]} Kf7
{[%clk 0:13:22]} 32. Rd2 {[%clk 0:23:19]} f5 {[%clk 0:12:43]} 33. Rg5
{[%clk 0:23:29]} Rha8 {[%clk 0:08:55]} 34. Nd7 {[%clk 0:22:15]} Ra1+
{[%clk 0:09:03]} 35. Kf2 {[%clk 0:22:28]} Rh1 {[%clk 0:09:11]} 36. Ne5+
{[%clk 0:22:38]} Ke8 {[%clk 0:09:28]} 37. Nxg6 {[%clk 0:20:49]} Raa1
{[%clk 0:09:29]} 38. Nxh4 {[%clk 0:21:11]} 1-0

[Event "World Chess Olympiad 2018"]
[Site "Batumi"]
[Date "2018.10.01"]
[Round "7"]
[Board "1"]
[WhiteFideId "5201322"]
[White "Paciencia Enrique"]
[BlackFideId "14603152"]
[Black "Borisek Jure"]
[Result "0-1"]
[LiveChessVersion "1.4.8"]
[BlackElo "2578"]
[WhiteElo "2335"]

1. d4 {[%clk 1:30:55]} f5 {[%clk 1:30:48]} 2. g3 {[%clk 1:30:32]} Nf6
{[%clk 1:31:08]} 3. Bg2 {[%clk 1:30:52]} g6 {[%clk 1:31:28]} 4. Nd2
{[%clk 1:29:07]} Bg7 {[%clk 1:31:48]} 5. c3 {[%clk 1:28:37]} Nc6 {[%clk 1:24:49]}
6. Nh3 {[%clk 1:26:23]} d6 {[%clk 1:22:21]} 7. O-O {[%clk 1:24:30]} e5
{[%clk 1:21:18]} 8. dxe5 {[%clk 1:20:03]} dxe5 {[%clk 1:19:19]} 9. e4
{[%clk 1:19:10]} O-O {[%clk 1:18:34]} 10. exf5 {[%clk 1:15:46]} gxf5
{[%clk 1:18:49]} 11. Qe2 {[%clk 1:13:58]} Qe8 {[%clk 1:03:07]} 12. Nc4
{[%clk 1:10:20]} f4 {[%clk 0:59:55]} 13. gxf4 {[%clk 1:04:55]} Qg6
{[%clk 0:56:14]} 14. Kh1 {[%clk 1:00:30]} e4 {[%clk 0:49:54]} 15. Ne5
{[%clk 0:56:24]} Qe8 {[%clk 0:50:19]} 16. Ng5 {[%clk 0:55:15]} Nxe5
{[%clk 0:50:33]} 17. fxe5 {[%clk 0:55:40]} Qxe5 {[%clk 0:51:00]} 18. f4
{[%clk 0:55:22]} Qe8 {[%clk 0:49:43]} 19. Be3 {[%clk 0:46:38]} h6
{[%clk 0:47:32]} 20. Qc4+ {[%clk 0:44:54]} Kh8 {[%clk 0:47:58]} 21. Nxe4
{[%clk 0:44:41]} Nxe4 {[%clk 0:46:14]} 22. Bxe4 {[%clk 0:45:00]} Bd7
{[%clk 0:40:20]} 23. Rae1 {[%clk 0:43:13]} Bb5 {[%clk 0:39:04]} 24. Qd4
{[%clk 0:32:36]} Rd8 {[%clk 0:34:54]} 25. Qxg7+ {[%clk 0:27:25]} Kxg7
{[%clk 0:34:45]} 26. Rg1+ {[%clk 0:27:52]} Kh8 {[%clk 0:34:15]} 27. Bg2
{[%clk 0:26:41]} Qf7 {[%clk 0:31:02]} 0-1

[Event "World Chess Olympiad 2018"]
[Site "Batumi"]
[Date "2018.10.01"]
[Round "7"]
[Board "2"]
[WhiteFideId "14602296"]
[White "Sebenik Matej"]
[BlackFideId "8602425"]
[Black "Gong Qianyun"]
[Result "1-0"]
[LiveChessVersion "1.4.8"]
[BlackElo "2321"]
[WhiteElo "2570"]

1. c4 {[%clk 1:30:56]} e6 {[%clk 1:30:29]} 2. Nc3 {[%clk 1:31:17]} Nf6
{[%clk 1:30:38]} 3. e4 {[%clk 1:31:14]} d5 {[%clk 1:30:39]} 4. cxd5
{[%clk 1:31:02]} exd5 {[%clk 1:31:03]} 5. e5 {[%clk 1:31:26]} Ne4
{[%clk 1:31:26]} 6. Nf3 {[%clk 1:31:39]} Bf5 {[%clk 1:31:18]} 7. d3
{[%clk 1:31:47]} Nxc3 {[%clk 1:28:44]} 8. bxc3 {[%clk 1:32:11]} c5
{[%clk 1:28:45]} 9. d4 {[%clk 1:31:59]} c4 {[%clk 1:28:36]} 10. g3
{[%clk 1:31:17]} Be7 {[%clk 1:28:32]} 11. Bg2 {[%clk 1:31:39]} Bd3
{[%clk 1:24:33]} 12. Ng1 {[%clk 1:30:47]} Qa5 {[%clk 1:14:00]} 13. Bd2
{[%clk 1:29:00]} Ba3 {[%clk 1:08:43]} 14. Ne2 {[%clk 1:21:30]} Bb2
{[%clk 1:07:53]} 15. Rb1 {[%clk 1:18:47]} Qxa2 {[%clk 1:05:33]} 16. O-O
{[%clk 1:19:10]} Nc6 {[%clk 0:42:05]} 17. Nf4 {[%clk 1:05:21]} Bxb1
{[%clk 0:26:15]} 18. Qxb1 {[%clk 1:05:34]} Qb3 {[%clk 0:26:14]} 19. Nxd5
{[%clk 0:54:43]} Rd8 {[%clk 0:18:21]} 20. Qf5 {[%clk 0:46:33]} Ba3
{[%clk 0:02:54]} 21. Nc7+ {[%clk 0:43:31]} Kf8 {[%clk 0:03:09]} 22. Ne6+
{[%clk 0:40:24]} Kg8 {[%clk 0:03:33]} 23. Ng5 {[%clk 0:39:20]} Rf8
{[%clk 0:03:16]} 24. Bd5 {[%clk 0:37:58]} Nd8 {[%clk 0:03:27]} 25. e6
{[%clk 0:38:22]} 1-0

[Event "World Chess Olympiad 2018"]
[Site "Batumi"]
[Date "2018.10.01"]
[Round "7"]
[Board "3"]
[WhiteFideId "5804167"]
[White "Lee Qing Aun"]
[BlackFideId "14604299"]
[Black "Skoberne Jure"]
[Result "0-1"]
[LiveChessVersion "1.4.8"]
[BlackElo "2565"]
[WhiteElo "2297"]

1. e4 {[%clk 1:30:17]} e6 {[%clk 1:30:52]} 2. d4 {[%clk 1:30:30]} d5
{[%clk 1:31:17]} 3. Nd2 {[%clk 1:30:48]} h6 {[%clk 1:30:59]} 4. Ngf3
{[%clk 1:31:00]} Nf6 {[%clk 1:31:10]} 5. Bd3 {[%clk 1:31:11]} c5 {[%clk 1:30:56]}
6. exd5 {[%clk 1:31:25]} exd5 {[%clk 1:30:17]} 7. O-O {[%clk 1:31:24]} c4
{[%clk 1:29:33]} 8. Re1+ {[%clk 1:31:40]} Be7 {[%clk 1:29:37]} 9. Bf1
{[%clk 1:31:52]} O-O {[%clk 1:29:27]} 10. c3 {[%clk 1:31:37]} Nc6
{[%clk 1:29:12]} 11. b3 {[%clk 1:31:50]} b5 {[%clk 1:29:13]} 12. Ne5
{[%clk 1:30:10]} Bb7 {[%clk 1:22:43]} 13. Rb1 {[%clk 1:19:30]} cxb3
{[%clk 1:19:36]} 14. Rxb3 {[%clk 1:12:04]} a6 {[%clk 1:04:29]} 15. Rb1
{[%clk 1:04:02]} Qc7 {[%clk 0:53:24]} 16. a4 {[%clk 1:01:20]} Bd6
{[%clk 0:53:11]} 17. f4 {[%clk 0:51:16]} b4 {[%clk 0:52:50]} 18. Nxc6
{[%clk 0:51:30]} bxc3 {[%clk 0:50:13]} 19. Nb4 {[%clk 0:41:06]} a5
{[%clk 0:37:26]} 20. Nc2 {[%clk 0:38:36]} cxd2 {[%clk 0:37:26]} 21. Bxd2
{[%clk 0:37:35]} Bc6 {[%clk 0:36:33]} 22. Bb5 {[%clk 0:33:49]} Bxb5
{[%clk 0:34:14]} 23. Rxb5 {[%clk 0:33:45]} Rfc8 {[%clk 0:16:02]} 24. Ne3
{[%clk 0:33:52]} Bxf4 {[%clk 0:16:25]} 25. Nxd5 {[%clk 0:24:24]} Bxh2+
{[%clk 0:08:50]} 26. Kh1 {[%clk 0:24:54]} Nxd5 {[%clk 0:09:11]} 27. Rxd5
{[%clk 0:25:23]} Bg3 {[%clk 0:08:09]} 28. Re3 {[%clk 0:24:32]} Bf4
{[%clk 0:04:05]} 29. Rc3 {[%clk 0:24:02]} Qxc3 {[%clk 0:03:56]} 30. Bxc3
{[%clk 0:24:31]} Rxc3 {[%clk 0:04:15]} 31. Rc5 {[%clk 0:24:46]} Rc8
{[%clk 0:04:38]} 32. Qf1 {[%clk 0:19:40]} R8xc5 {[%clk 0:01:56]} 33. Qxf4
{[%clk 0:20:04]} Rc1+ {[%clk 0:02:09]} 34. Kh2 {[%clk 0:20:33]} Rh5+
{[%clk 0:02:32]} 35. Kg3 {[%clk 0:21:00]} Rg5+ {[%clk 0:02:34]} 36. Kf2
{[%clk 0:19:20]} Rc2+ {[%clk 0:02:50]} 37. Ke3 {[%clk 0:19:39]} Rcxg2
{[%clk 0:02:52]} 38. Kd3 {[%clk 0:20:03]} g6 {[%clk 0:01:02]} 39. Qb8+
{[%clk 0:18:43]} Kg7 {[%clk 0:01:27]} 40. Qb7 {[%clk 0:49:09]} Rf2
{[%clk 0:30:40]} 41. Kc4 {[%clk 0:46:14]} Rff5 {[%clk 0:26:40]} 42. Qh1
{[%clk 0:46:22]} h5 {[%clk 0:26:47]} 43. Kc3 {[%clk 0:46:34]} Rd5
{[%clk 0:25:23]} 44. Kc4 {[%clk 0:46:57]} Rd8 {[%clk 0:24:58]} 45. Qe4
{[%clk 0:46:28]} Rgd5 {[%clk 0:25:09]} 0-1

[Event "World Chess Olympiad 2018"]
[Site "Batumi"]
[Date "2018.10.01"]
[Round "7"]
[Board "4"]
[WhiteFideId "14608502"]
[White "Markoja Boris"]
[BlackFideId "5804809"]
[Black "Lee Jun Wei"]
[Result "0-1"]
[LiveChessVersion "1.4.8"]
[BlackElo "2134"]
[WhiteElo "2456"]

1. Nf3 {[%clk 1:30:56]} d5 {[%clk 1:30:51]} 2. c4 {[%clk 1:30:49]} c6
{[%clk 1:31:12]} 3. g3 {[%clk 1:31:08]} Nf6 {[%clk 1:31:00]} 4. Bg2
{[%clk 1:31:21]} dxc4 {[%clk 1:30:07]} 5. O-O {[%clk 1:28:41]} Nbd7
{[%clk 1:29:26]} 6. Na3 {[%clk 1:28:30]} Nb6 {[%clk 1:28:19]} 7. Qc2
{[%clk 1:27:40]} Be6 {[%clk 1:26:54]} 8. Ne5 {[%clk 1:19:38]} Qd4
{[%clk 1:21:15]} 9. Nxc6 {[%clk 1:19:42]} bxc6 {[%clk 1:19:14]} 10. Bxc6+
{[%clk 1:19:56]} Nfd7 {[%clk 1:18:40]} 11. Bxa8 {[%clk 1:19:17]} Nxa8
{[%clk 1:19:09]} 12. d3 {[%clk 1:19:16]} Nab6 {[%clk 1:12:30]} 13. dxc4
{[%clk 1:11:42]} Qc5 {[%clk 1:03:40]} 14. Be3 {[%clk 1:09:07]} Qc6
{[%clk 1:03:29]} 15. f3 {[%clk 1:00:40]} Bh3 {[%clk 0:59:46]} 16. Rfd1
{[%clk 1:00:01]} e6 {[%clk 0:59:00]} 17. c5 {[%clk 0:47:29]} Bf5 {[%clk 0:49:07]}
18. Qc1 {[%clk 0:38:44]} Nd5 {[%clk 0:31:28]} 19. Bf2 {[%clk 0:38:25]} Bg6
{[%clk 0:31:49]} 20. Qc4 {[%clk 0:30:42]} Be7 {[%clk 0:28:39]} 21. Qb5
{[%clk 0:29:40]} Qc7 {[%clk 0:27:25]} 22. e4 {[%clk 0:21:00]} N5f6
{[%clk 0:27:20]} 23. b4 {[%clk 0:21:12]} O-O {[%clk 0:25:51]} 24. Qe2
{[%clk 0:21:37]} Qb7 {[%clk 0:22:10]} 25. Nc2 {[%clk 0:16:14]} Ne5
{[%clk 0:21:00]} 26. Nd4 {[%clk 0:11:39]} Qxb4 {[%clk 0:17:26]} 27. Rab1
{[%clk 0:11:06]} Qa4 {[%clk 0:14:10]} 28. Rdc1 {[%clk 0:08:01]} Qa3
{[%clk 0:11:34]} 29. Be3 {[%clk 0:06:27]} Nd3 {[%clk 0:09:29]} 30. Rc2
{[%clk 0:05:36]} Nxc5 {[%clk 0:08:09]} 31. Nb5 {[%clk 0:03:05]} Qd3
{[%clk 0:07:55]} 32. Qxd3 {[%clk 0:03:00]} Nxd3 {[%clk 0:08:24]} 33. Rc7
{[%clk 0:02:46]} Re8 {[%clk 0:06:30]} 34. Rxa7 {[%clk 0:02:13]} Ne5
{[%clk 0:06:07]} 35. Rf1 {[%clk 0:00:39]} Nc4 {[%clk 0:05:40]} 36. Bd4
{[%clk 0:00:45]} e5 {[%clk 0:05:09]} 37. Rc7 {[%clk 0:00:36]} Nd2
{[%clk 0:05:16]} 38. Rf2 {[%clk 0:00:32]} Ndxe4 {[%clk 0:03:26]} 39. fxe4
{[%clk 0:00:42]} exd4 {[%clk 0:03:56]} 40. e5 {[%clk 0:30:35]} Ne4
{[%clk 0:32:41]} 41. Rf3 {[%clk 0:26:12]} h5 {[%clk 0:26:06]} 42. h4
{[%clk 0:22:27]} Bc5 {[%clk 0:20:45]} 43. Kh2 {[%clk 0:22:43]} Rxe5
{[%clk 0:20:09]} 44. a4 {[%clk 0:22:56]} Nd2 {[%clk 0:17:29]} 45. Rf2
{[%clk 0:23:08]} Nb3 {[%clk 0:17:14]} 46. Ra2 {[%clk 0:21:33]} d3
{[%clk 0:16:46]} 47. Nc3 {[%clk 0:21:14]} Bd4 {[%clk 0:16:04]} 0-1

[Event "World Chess Olympiad 2018"]
[Site "Batumi"]
[Date "2018.10.01"]
[Round "7"]
[Board "1"]
[WhiteFideId "9000240"]
[White "Tissir Mohamed"]
[BlackFideId "1900021"]
[Black "Fernandes Antonio"]
[Result "1/2-1/2"]
[LiveChessVersion "1.4.8"]
[BlackElo "2389"]
[WhiteElo "2388"]

1. e4 {[%clk 1:30:56]} c5 {[%clk 1:30:49]} 2. Nf3 {[%clk 1:30:36]} Nf6
{[%clk 1:30:35]} 3. Nc3 {[%clk 1:29:49]} d5 {[%clk 1:30:50]} 4. exd5
{[%clk 1:28:38]} Nxd5 {[%clk 1:31:16]} 5. Bb5+ {[%clk 1:29:01]} Bd7
{[%clk 1:31:35]} 6. Qe2 {[%clk 1:29:24]} Nf6 {[%clk 1:29:54]} 7. O-O
{[%clk 1:13:16]} a6 {[%clk 1:08:04]} 8. Bxd7+ {[%clk 1:12:51]} Qxd7
{[%clk 1:07:52]} 9. d4 {[%clk 1:08:41]} cxd4 {[%clk 0:55:07]} 10. Rd1
{[%clk 1:09:03]} Nc6 {[%clk 0:52:11]} 11. Be3 {[%clk 1:09:15]} e6
{[%clk 0:51:57]} 12. Nxd4 {[%clk 1:09:11]} Qc7 {[%clk 0:51:26]} 13. Nxc6
{[%clk 0:33:50]} Qxc6 {[%clk 0:49:40]} 14. Bd4 {[%clk 0:34:17]} Be7
{[%clk 0:46:40]} 15. Rd3 {[%clk 0:34:41]} O-O {[%clk 0:44:24]} 16. Rg3
{[%clk 0:28:28]} Rfd8 {[%clk 0:42:33]} 17. Rd1 {[%clk 0:27:49]} Rd7
{[%clk 0:40:57]} 18. Bxf6 {[%clk 0:18:56]} Rxd1+ {[%clk 0:38:59]} 19. Nxd1
{[%clk 0:19:17]} Bxf6 {[%clk 0:39:26]} 20. Rd3 {[%clk 0:15:08]} g6
{[%clk 0:36:38]} 21. g3 {[%clk 0:15:13]} Kg7 {[%clk 0:34:04]} 22. c3
{[%clk 0:14:40]} h5 {[%clk 0:31:17]} 23. Ne3 b5 {[%clk 0:19:49]} 24. a3
{[%clk 0:09:06]} Qe4 {[%clk 0:08:17]} 25. f3 {[%clk 0:09:04]} Qe5
{[%clk 0:07:37]} 26. Kg2 {[%clk 0:06:43]} a5 {[%clk 0:02:09]} 27. Rd2
{[%clk 0:04:34]} b4 {[%clk 0:01:03]} 28. cxb4 {[%clk 0:04:27]} axb4
{[%clk 0:01:30]} 29. axb4 {[%clk 0:04:38]} Rb8 {[%clk 0:00:58]} 30. Nd1
{[%clk 0:00:35]} Qf5 {[%clk 0:00:40]} 31. Nc3 {[%clk 0:00:41]} Rxb4
{[%clk 0:00:31]} 32. Ne4 {[%clk 0:01:00]} h4 {[%clk 0:00:35]} 33. gxh4
{[%clk 0:01:03]} Bxh4 {[%clk 0:00:44]} 34. Qe3 {[%clk 0:01:02]} Qe5
{[%clk 0:00:46]} 35. Qc3 {[%clk 0:00:40]} Qxc3 {[%clk 0:00:33]} 36. bxc3
{[%clk 0:00:54]} Rc4 {[%clk 0:01:00]} 37. Rd7 {[%clk 0:01:19]} Be1
{[%clk 0:00:31]} 38. Rxf7+ {[%clk 0:00:36]} Kxf7 {[%clk 0:00:40]} 39. Nd6+
{[%clk 0:01:02]} Kf6 {[%clk 0:00:43]} 1/2-1/2